Landen van Azië - Kaartquiz - Statistieken

Algemene statistieken
  • Deze quiz is 288 keer genomen
  • De gemiddelde score is 30 van 48
Antwoorden op de kaart
Antwoorden kleurgecodeerd door een groen-rode schaal op de quizkaart volgens % correct hieronder.
 
Antwoordstatistieken
Antwoord % Correct
China
91%
Zuid-Korea
88%
Japan
87%
Noord-Korea
87%
Mongolië
84%
Indonesië
82%
Filipijnen
80%
India
76%
Taiwan
73%
Maleisië
71%
Vietnam
70%
Kazachstan
69%
Turkije
69%
Saoedi-Arabië
67%
Singapore
66%
Cyprus
65%
Maldiven
65%
Nepal
65%
Sri Lanka
65%
Thailand
65%
Bangladesh
63%
Israël
63%
Laos
63%
Cambodja
62%
Myanmar
61%
Irak
60%
Oost-Timor
58%
Pakistan
58%
Afghanistan
57%
Oman
57%
Verenigde Arabische Emiraten
55%
Brunei
54%
Iran
54%
Azerbeidzjan
53%
Bhutan
52%
Jemen
52%
Koeweit
51%
Qatar
51%
Armenië
50%
Georgië
50%
Libanon
50%
Jordanië
48%
Syrië
47%
Oezbekistan
46%
Kirgizië
45%
Turkmenistan
45%
Bahrein
42%
Tadzjikistan
40%
Geen overeenkomende quizzen gevonden
Scoreverdeling
Procent van Mensen met Elke Score
Percentiel versus Aantal Correcte Antwoorden
Uw Scoregeschiedenis
U heeft deze quiz nog niet genomen